Loading...
| Science - Chemistry | 0 | 4 | 0 | 0 | 40 | 95 | 99.25 | 0 | 0 | 0.00 | 0.00 |
| Painting/Sculpture | 0 | 4 | 0 | 1 | 40 | 86 | 105.75 | 0 | 0 | 0.00 | 0.00 |
| Fine Arts - Other | 0 | 4 | 0 | 1 | 40 | 72 | 97.50 | 0 | 1 | 0.00 | 0.00 |
| Current Events | 0 | 3 | 0 | 0 | 30 | 47 | 58.67 | 0 | 1 | 0.00 | 0.00 |
| Fine Arts - Classical Music | 0 | 3 | 0 | 1 | 30 | 94 | 100.33 | 0 | 0 | 0.00 | 0.00 |
| Science - Physics | 0 | 3 | 0 | 1 | 30 | 90 | 102.00 | 0 | 0 | 0.00 | 0.00 |
| Literature - British | 0 | 2 | 0 | 1 | 20 | 73 | 95.00 | 0 | 0 | 0.00 | 0.00 |
| Mythology | 0 | 2 | 0 | 0 | 20 | 82 | 101.50 | 0 | 0 | 0.00 | 0.00 |
| Literature - European | 0 | 2 | 1 | 1 | 15 | 93 | 106.50 | 0 | 0 | 0.00 | 0.00 |
| Literature - World | 0 | 2 | 1 | 0 | 15 | 88 | 96.00 | 0 | 0 | 0.00 | 0.00 |
| Literature - American | 0 | 1 | 0 | 0 | 10 | 65 | 65.00 | 0 | 1 | 0.00 | 0.00 |
| History - World | 0 | 1 | 0 | 0 | 10 | 50 | 50.00 | 0 | 0 | 0.00 | 0.00 |
| Religion | 0 | 1 | 0 | 1 | 10 | 111 | 111.00 | 0 | 0 | 0.00 | 0.00 |
| Science - Other | 0 | 1 | 1 | 0 | 5 | 107 | 107.00 | 0 | 0 | 0.00 | 0.00 |
| Philosophy | 0 | 1 | 1 | 0 | 5 | 93 | 93.00 | 0 | 0 | 0.00 | 0.00 |
| Geography | 0 | 0 | 2 | 0 | -10 | 0.00 | 0 | 0 | 0.00 | 0.00 |